[Event "8th Ali Ipek Tournament 2020"]
[Site "Ankara"]
[Date "2020.03.05"]
[Round "2.12"]
[White "Demirci, Murat"]
[Black "Ceneli, Mehmet Canay"]
[Result "1-0"]
[WhiteElo "1821"]
[BlackElo "1431"]
[Annotator "NA RC"]
[PlyCount "77"]
[EventDate "2020.03.04"]
[EventType "swiss"]
[EventCountry "TUR"]
[SourceTitle "playchess.com"]
[Source "ChessBase"]
[SourceQuality "1"]
[TimeControl "5400+30"]

{[%evp 8,77,23,8,31,3,6,-22,0,-21,-26,-16,-9,0,0,0,15,0,32767,32767,32767,32767,-12,-26,2,0,0,0,10,0,61,-20,0,0,0,0,13,15,77,25,40,31,33,15,17,21,10,8,14,-45,77,36,18,18,100,71,87,112,93,106,95,122,122,73,91,81,779,776,872,766,1056,976]} 1. Nf3 {[%emt 0:00:30]} Nf6 {[%emt 0:00:30]} 2. d4 {[%emt 0:00:00]} e6 {[%emt 0:01:30]} 3. g3 {[%emt 0:01:00]} b6 {[%emt 0:02:30]} 4. Bg2 {[%emt 0:00:30]} Bb7 {[%emt 0:00:00]} 5. O-O {[%emt 0:00:00]} c5 {[%emt 0:00:00]} 6. dxc5 {[%emt 0:02:00]} Bxc5 {[%emt 0:00:30] A47: 1 d4 Nf6 2 Nf3 b6: Torre, London and Colle Systems.} 7. b3 {[%emt 0:01:30]} O-O {[%emt 0:04:30]} 8. Bb2 {[%emt 0:00:00]} d5 {[%emt 0:09:30]} 9. Nbd2 {[%emt 0:06:00]} Nbd7 {[%emt 0:05:30]} 10. c4 {[%emt 0:01:30] [#]} dxc4 $146 {[%emt 0:00:30]} ({Predecessor:} 10... Rc8 11. Rc1 Re8 12. Ne5 Nxe5 13. Bxe5 Ba6 14. cxd5 exd5 15. Nf3 Ng4 16. Bd4 Bxe2 17. Qd2 Bxf1 18. Kxf1 Bxd4 {0-1 (18) Bacsi,A (1798)-Alkire,B (1459) Budapest 2014}) 11. Nxc4 {[%emt 0:00:30]} Qe7 {[%emt 0:01:30]} 12. a3 {[%emt 0:23:30]} a5 {[%emt 0:00:30]} 13. a4 {[%emt 0:04:30]} Rfd8 {[%emt 0:04:30]} 14. Qc1 {[%emt 0:07:30]} Rac8 {[%emt 0:05:30]} 15. Qg5 {[%emt 0:08:30]} Nf8 {[%emt 0:06:30]} 16. Nfe5 {[%emt 0:07:30]} Bxg2 {[%emt 0:04:30]} 17. Kxg2 {[%emt 0:00:30]} Ng6 {[%emt 0:05:30]} 18. h4 {[%emt 0:15:08]} Nd5 {[%emt 0:12:30]} ({Black should try} 18... h6 $11 19. Qc1 Nxe5 20. Bxe5 Ne8) 19. Qg4 {[%emt 0:02:41]} (19. Nxg6 $14 hxg6 20. Qxe7 Bxe7 21. Rfd1) 19... Nxe5 {[%emt 0:08:30]} 20. Bxe5 {[%emt 0:00:41]} f6 {[%emt 0:00:30]} 21. Bb2 {[%emt 0:00:00]} Qf7 {[%emt 0:07:56]} 22. h5 {[%emt 0:04:05]} Be7 {[%emt 0:03:44]} (22... h6 $11 {remains equal.}) 23. Rfd1 {[%emt 0:02:09]} f5 {[%emt 0:02:44]} 24. Qf3 {[%emt 0:00:21]} Bf6 {[%emt 0:02:13]} 25. Ne5 {[%emt 0:02:06]} Qb7 {[%emt 0:02:21]} 26. Rac1 {[%emt 0:01:56]} b5 {[%emt 0:01:59]} 27. axb5 {[%emt 0:02:26]} Qxb5 {[%emt 0:00:20]} 28. h6 {[%emt 0:00:16]} g6 {[%emt 0:00:48]} (28... a4 $15) 29. Nc4 {[%emt 0:04:16]} Bxb2 {[%emt 0:02:35]} 30. Nxb2 {[%emt 0:00:03]} Rb8 {[%emt 0:03:04] [#]} (30... Rxc1 $11 {remains equal.} 31. Rxc1 e5) 31. e4 $1 {[%emt 0:00:53]} fxe4 {[%emt 0:00:34]} 32. Qxe4 {[%emt 0:00:46]} Re8 {[%emt 0:00:17]} 33. Qe5 {[%emt 0:01:16]} Qb7 {[%emt 0:00:12]} 34. Kg1 {[%emt 0:00:59]} Qf7 {[%emt 0:01:12]} 35. Nc4 {[%emt 0:01:11]} Rf8 {[%emt 0:00:42]} 36. Rc2 {[%emt 0:00:37]} Rxb3 $2 {[%emt 0:01:26]} (36... Qf6 $14) 37. Nd6 {[%emt 0:00:23]} Qf6 {[%emt 0:00:47] [#]} 38. Rxd5 $1 {[%emt 0:00:29]} Rb1+ $18 {[%emt 0:00:30]} 39. Kh2 {[%emt 0:00:12]} 1-0

[Event "8th Ali Ipek Tournament 2020"]
[Site "Ankara"]
[Date "2020.03.05"]
[Round "2.13"]
[White "Sari, Engin"]
[Black "Alkan, Omer Tarik"]
[Result "0-1"]
[WhiteElo "1457"]
[BlackElo "1757"]
[Annotator "NA RC"]
[PlyCount "80"]
[EventDate "2020.03.04"]
[EventType "swiss"]
[EventCountry "TUR"]
[SourceTitle "playchess.com"]
[Source "ChessBase"]
[SourceQuality "1"]
[TimeControl "5400+30"]

1. e4 {[%emt 0:00:30]} e6 {[%emt 0:00:30]} 2. d4 {[%emt 0:00:30]} d5 {[%emt 0:00:00]} 3. Nc3 {[%emt 0:00:00]} Nf6 {[%emt 0:00:00]} 4. Bg5 {[%emt 0:00:00]} Be7 {[%emt 0:00:30]} 5. e5 {[%emt 0:00:00]} Nfd7 {[%emt 0:00:00]} 6. h4 {[%emt 0:00:00]} h6 {[%emt 0:00:00]} 7. Bxe7 {[%emt 0:00:00]} Qxe7 {[%emt 0:00:00]} 8. Qg4 {[%emt 0:01:00]} g6 {[%emt 0:00:00]} 9. Bd3 {[%emt 0:00:00]} a6 {[%emt 0:01:30]} 10. O-O-O {[%emt 0:02:00]} c5 {[%emt 0:00:00]} 11. f4 {[%emt 0:01:30]} cxd4 {[%emt 0:00:00]} 12. Nce2 {[%emt 0:01:30]} Nc6 {[%emt 0:00:30]} 13. a3 {[%emt 0:00:00]} b5 {[%emt 0:00:30]} 14. h5 {[%emt 0:05:00]} g5 {[%emt 0:01:30]} 15. Nf3 {[%emt 0:03:30]} gxf4 {[%emt 0:09:30]} 16. Qg7 {[%emt 0:02:30]} Qf8 {[%emt 0:00:30]} 17. Qg4 {[%emt 0:06:30]} Ndxe5 {[%emt 0:03:30]} 18. Qxf4 {[%emt 0:01:30]} Nxf3 {[%emt 0:00:30]} 19. Qxf3 {[%emt 0:00:30]} Qe7 {[%emt 0:01:30]} 20. Rhe1 {[%emt 0:01:30]} Bb7 {[%emt 0:08:30]} 21. Nf4 {[%emt 0:07:30]} O-O-O {[%emt 0:00:30]} 22. g4 {[%emt 0:08:30]} Kb8 {[%emt 0:04:30]} 23. Kb1 {[%emt 0:00:30]} Qd6 {[%emt 0:00:30]} 24. Bf1 {[%emt 0:03:30]} e5 {[%emt 0:03:30]} 25. Ng2 {[%emt 0:02:30]} e4 {[%emt 0:05:30]} 26. Qxf7 {[%emt 0:00:30]} Rdf8 {[%emt 0:00:00]} 27. Qg6 {[%emt 0:00:30]} Qxg6 {[%emt 0:00:00]} 28. hxg6 {[%emt 0:00:00]} Rhg8 {[%emt 0:00:30]} 29. Nh4 {[%emt 0:01:00]} Ne5 {[%emt 0:00:00]} 30. Nf5 {[%emt 0:03:30]} Rxg6 {[%emt 0:01:00]} 31. Nxd4 {[%emt 0:00:30]} Nf3 {[%emt 0:00:30]} 32. Nxf3 {[%emt 0:01:30]} Rxf3 {[%emt 0:00:30]} 33. c3 {[%emt 0:01:30]} Rg3 {[%emt 0:02:30]} 34. Be2 {[%emt 0:00:30]} Rg2 {[%emt 0:00:00]} 35. Rd4 {[%emt 0:09:30]} Rf6 {[%emt 0:01:00]} 36. Kc1 {[%emt 0:00:30]} Rff2 {[%emt 0:01:30]} 37. Kd2 {[%emt 0:01:30]} Kc7 {[%emt 0:00:30]} 38. Ke3 {[%emt 0:00:30]} Kd6 {[%emt 0:01:30]} 39. Rd2 {[%emt 0:01:30]} Bc8 {[%emt 0:00:30]} 40. Red1 {[%emt 0:00:30]} Rxe2+ {[%emt 0:00:30]} 0-1

[Event "8th Ali Ipek Tournament 2020"]
[Site "Ankara"]
[Date "2020.03.05"]
[Round "2.14"]
[White "Ercan, Mehmet Fahri"]
[Black "Kamisli, Yigit"]
[Result "0-1"]
[WhiteElo "1810"]
[BlackElo "1393"]
[Annotator "NA RC"]
[PlyCount "82"]
[EventDate "2020.03.04"]
[EventType "swiss"]
[EventCountry "TUR"]
[SourceTitle "playchess.com"]
[Source "ChessBase"]
[SourceQuality "1"]
[TimeControl "5400+30"]

{[%evp 8,72,43,27,37,10,46,55,73,53,73,49,52,31,52,25,68,73,75,55,54,32767,-42,32767,-205,-190,-187,-214,-214,-208,32767,-263,32767,32767,-214,-219,-203,-234,-257,-246,-233,-270,-132,-150,-248,-209,-187,-280,-259,-371,-425,-539,-720,-906,-1417,-1988,-1434,-1208,-2003,-1421,-6191,-1461,-2119,-2112,-2383,-29984,-29985]} 1. c4 {[%emt 0:10:30]} Nf6 {[%emt 0:01:30]} 2. Nc3 {[%emt 0:00:30]} g6 {[%emt 0:00:30]} 3. e4 {[%emt 0:00:30]} d6 {[%emt 0:00:00]} 4. d4 {[%emt 0:00:30]} Bg7 {[%emt 0:00:00]} 5. f3 {[%emt 0:01:30]} O-O {[%emt 0:01:30]} 6. Be3 {[%emt 0:00:00]} e5 {[%emt 0:00:30]} 7. Nge2 {[%emt 0:01:00]} Nc6 {[%emt 0:01:30]} 8. d5 {[%emt 0:00:00]} Na5 {[%emt 0:01:30]} 9. Nc1 {[%emt 0:02:00] E85: King's Indian: Sämisch: 6...e5.} c5 {[%emt 0:00:30]} 10. a3 {[%emt 0:01:30]} b6 {[%emt 0:05:30]} 11. Qd2 {[%emt 0:01:30] [#]} Nb7 $146 {[%emt 0:04:30]} ({Predecessor:} 11... Nh5 12. b4 Nb7 13. Nb3 f5 14. Bd3 Qh4+ 15. Bf2 Qe7 16. O-O f4 17. Rfb1 g5 {1-0 (65) Novikov,I (2280)-Petrushin,A (2415) Volgodonsk 1983}) 12. g4 {[%emt 0:00:30]} Bd7 {[%emt 0:13:30]} 13. h4 {[%emt 0:00:30]} h5 $1 {[%emt 0:02:30]} 14. gxh5 {[%emt 0:01:30]} Nxh5 {[%emt 0:00:30]} 15. N1e2 {[%emt 0:02:30]} Na5 {[%emt 0:05:30]} 16. Qd3 {[%emt 0:00:30]} Nb3 {[%emt 0:06:30]} 17. Rd1 {[%emt 0:00:00]} Nd4 {[%emt 0:00:30]} 18. Bg2 {[%emt 0:00:00]} a6 {[%emt 0:13:30]} 19. a4 {[%emt 0:06:30]} b5 {[%emt 0:05:30]} 20. axb5 {[%emt 0:00:30]} axb5 {[%emt 0:00:00]} 21. Nxb5 {[%emt 0:01:30]} Nxe2 {[%emt 0:03:00]} 22. Kxe2 {[%emt 0:02:30]} Ng3+ {[%emt 0:00:30]} 23. Kf2 {[%emt 0:00:00]} Nxh1+ {[%emt 0:00:30]} 24. Rxh1 {[%emt 0:00:00] [#]} Bxb5 {[%emt 0:06:30]} (24... f5 $1 $19 {[%cal Rf5e4]} 25. Bc1 Qb6 26. exf5 gxf5) 25. cxb5 {[%emt 0:00:00] [#]} Bf6 $1 {[%emt 0:04:30]} 26. h5 {[%emt 0:00:00]} Bg5 {[%emt 0:01:30]} 27. hxg6 {[%emt 0:02:30]} fxg6 {[%emt 0:00:30]} 28. Bh3 {[%emt 0:02:30]} Ra2 {[%emt 0:04:26]} 29. Be6+ {[%emt 0:00:30]} Kg7 {[%emt 0:00:00]} 30. Qe2 {[%emt 0:04:30]} Bxe3+ {[%emt 0:04:37]} 31. Kxe3 {[%emt 0:02:30]} Qg5+ {[%emt 0:02:17]} 32. Kf2 {[%emt 0:07:30]} Rh8 {[%emt 0:01:53]} 33. Rxh8 {[%emt 0:01:30]} Kxh8 {[%emt 0:00:04]} 34. Qc2 {[%emt 0:02:30] [#]} Qf4 $1 {[%emt 0:03:40]} 35. Bh3 {[%emt 0:02:30]} Ra1 {[%emt 0:03:18]} (35... Qh2+ $142 36. Bg2 Ra1) 36. Bf1 {[%emt 0:08:30]} Qh2+ {[%emt 0:01:22]} 37. Bg2 {[%emt 0:00:30]} Qh4+ {[%emt 0:00:00]} 38. Ke3 {[%emt 0:01:30]} Qe1+ {[%emt 0:00:15]} 39. Qe2 {[%emt 0:00:30]} Qg1+ {[%emt 0:02:24]} 40. Kd2 {[%emt 0:00:30]} Qc1+ {[%emt 0:00:30]} 41. Kd3 {[%emt 0:00:00]} c4# {[%emt 0:00:00]} 0-1

[Event "8th Ali Ipek Tournament 2020"]
[Site "Ankara"]
[Date "2020.03.05"]
[Round "2.15"]
[White "Sac, Hakan"]
[Black "Ersahince, Umut Utku"]
[Result "0-1"]
[WhiteElo "1542"]
[BlackElo "1645"]
[Annotator "NA RC"]
[PlyCount "58"]
[EventDate "2020.03.04"]
[EventType "swiss"]
[EventCountry "TUR"]
[SourceTitle "playchess.com"]
[Source "ChessBase"]
[SourceQuality "1"]
[TimeControl "5400+30"]

1. e4 {[%emt 0:03:30]} e5 {[%emt 0:00:30]} 2. Nf3 {[%emt 0:00:30]} Nc6 {[%emt 0:00:00]} 3. d4 {[%emt 0:02:30]} exd4 {[%emt 0:00:00]} 4. Nxd4 {[%emt 0:00:30]} Nf6 {[%emt 0:00:00]} 5. Nxc6 {[%emt 0:00:30]} bxc6 {[%emt 0:00:00]} 6. e5 {[%emt 0:01:30]} Qe7 {[%emt 0:00:30]} 7. Qe2 {[%emt 0:01:30]} Nd5 {[%emt 0:00:00]} 8. c4 {[%emt 0:00:30]} Ba6 {[%emt 0:01:00]} 9. Qe4 {[%emt 0:06:30]} Nb6 {[%emt 0:08:30]} 10. Bd3 {[%emt 0:07:30]} d5 {[%emt 0:04:30]} 11. exd6 {[%emt 0:10:30]} cxd6 {[%emt 0:01:30]} 12. b3 {[%emt 0:12:30]} d5 {[%emt 0:08:30]} 13. Qxe7+ {[%emt 0:02:30]} Bxe7 {[%emt 0:00:30]} 14. Nd2 {[%emt 0:02:30]} O-O-O {[%emt 0:06:30]} 15. Bb2 {[%emt 0:05:30]} Bb4 {[%emt 0:01:30]} 16. O-O-O {[%emt 0:00:30]} f6 {[%emt 0:07:30]} 17. Bf5+ {[%emt 0:02:30]} Kb7 {[%emt 0:00:30]} 18. cxd5 {[%emt 0:01:30]} Rxd5 {[%emt 0:04:30]} 19. Bg4 {[%emt 0:06:30]} Bd3 {[%emt 0:05:30]} 20. a3 {[%emt 0:04:30]} Bd6 {[%emt 0:01:30]} 21. b4 {[%emt 0:00:30]} a5 {[%emt 0:21:30]} 22. Bf3 {[%emt 0:01:30]} Rc8 {[%emt 0:01:30]} 23. g3 {[%emt 0:05:41]} axb4 {[%emt 0:01:30]} 24. Nb3 {[%emt 0:00:56]} Bg6 {[%emt 0:05:40]} 25. axb4 {[%emt 0:01:21]} Bxb4 {[%emt 0:01:42]} 26. Bd4 {[%emt 0:02:03]} Nc4 {[%emt 0:05:26]} 27. Rde1 {[%emt 0:01:32]} Ba3+ {[%emt 0:01:49]} 28. Kd1 {[%emt 0:00:45]} Rb5 {[%emt 0:00:29]} 29. Re7+ {[%emt 0:00:55]} Bxe7 {[%emt 0:00:05]} 0-1

[Event "8th Ali Ipek Tournament 2020"]
[Site "Ankara"]
[Date "2020.03.05"]
[Round "2.17"]
[White "Ugur, Cem"]
[Black "Kesgin, Murat Can"]
[Result "0-1"]
[WhiteElo "1672"]
[BlackElo "1551"]
[Annotator "NA RC"]
[PlyCount "88"]
[EventDate "2020.03.04"]
[EventType "swiss"]
[EventCountry "TUR"]
[SourceTitle "playchess.com"]
[Source "ChessBase"]
[SourceQuality "1"]
[TimeControl "5400+30"]

1. e4 {[%emt 0:04:30]} c5 {[%emt 0:00:30]} 2. Nf3 {[%emt 0:00:00]} Nc6 {[%emt 0:00:30]} 3. d3 {[%emt 0:02:00]} Nf6 {[%emt 0:05:30]} 4. g3 {[%emt 0:00:30]} e5 {[%emt 0:04:30]} 5. Bg2 {[%emt 0:00:30]} Be7 {[%emt 0:00:30]} 6. O-O {[%emt 0:00:00]} O-O {[%emt 0:00:30]} 7. Re1 {[%emt 0:01:00]} d6 {[%emt 0:00:30]} 8. c3 {[%emt 0:06:30]} Bg4 {[%emt 0:09:30]} 9. Nbd2 {[%emt 0:04:30]} Qd7 {[%emt 0:04:30]} 10. Nf1 {[%emt 0:00:30]} Bh3 {[%emt 0:09:30]} 11. Ne3 {[%emt 0:01:30]} Bxg2 {[%emt 0:01:30]} 12. Kxg2 {[%emt 0:00:00]} d5 {[%emt 0:02:30]} 13. exd5 {[%emt 0:01:00]} Nxd5 {[%emt 0:01:30]} 14. Nc4 {[%emt 0:00:30]} f6 {[%emt 0:01:30]} 15. d4 {[%emt 0:00:30]} b5 {[%emt 0:00:30]} 16. Ne3 {[%emt 0:01:30]} cxd4 {[%emt 0:03:30]} 17. cxd4 {[%emt 0:00:30]} Nxe3+ {[%emt 0:08:30]} 18. Bxe3 {[%emt 0:01:30]} e4 {[%emt 0:03:30]} 19. Nd2 {[%emt 0:01:30]} Qd5 {[%emt 0:00:00]} 20. Qb3 {[%emt 0:01:30]} Qxb3 {[%emt 0:00:00]} 21. Nxb3 {[%emt 0:00:30]} Nb4 {[%emt 0:02:30]} 22. Re2 {[%emt 0:00:30]} f5 {[%emt 0:03:30]} 23. a3 {[%emt 0:05:30]} Nd5 {[%emt 0:03:30]} 24. Nc5 {[%emt 0:17:30]} Rf7 {[%emt 0:12:30]} 25. Ne6 {[%emt 0:04:30]} h6 {[%emt 0:01:30]} 26. Nf4 {[%emt 0:03:30]} Nxf4+ {[%emt 0:02:27]} 27. Bxf4 {[%emt 0:00:30]} g5 {[%emt 0:00:30]} 28. Be5 {[%emt 0:00:00]} Bf6 {[%emt 0:00:41]} 29. Bxf6 {[%emt 0:03:00]} Rxf6 {[%emt 0:00:01]} 30. Rc1 {[%emt 0:00:30]} Rd6 {[%emt 0:00:48]} 31. Rc5 {[%emt 0:00:30]} Rf8 {[%emt 0:01:50]} 32. Rxb5 {[%emt 0:01:30]} Rxd4 {[%emt 0:00:07]} 33. f3 {[%emt 0:03:30]} exf3+ {[%emt 0:09:50]} 34. Kxf3 {[%emt 0:00:00]} f4 {[%emt 0:00:36]} 35. Re6 {[%emt 0:08:00]} g4+ {[%emt 0:01:03]} 36. Kxg4 {[%emt 0:01:30]} f3+ {[%emt 0:00:30]} 37. Kh5 {[%emt 0:00:30]} Rd7 {[%emt 0:02:49]} 38. Re1 {[%emt 0:06:30]} f2 {[%emt 0:00:46]} 39. Rf1 {[%emt 0:00:30]} Re7 {[%emt 0:00:00]} 40. Kxh6 {[%emt 0:07:31]} Re1 {[%emt 0:00:00]} 41. Rb7 {[%emt 0:02:14]} Rf6+ {[%emt 0:01:26]} 42. Kg5 {[%emt 0:00:05]} Rxf1 {[%emt 0:00:33]} 43. Kxf6 {[%emt 0:00:06]} Rc1 {[%emt 0:00:00]} 44. Kg6 {[%emt 0:03:03]} Rc6+ {[%emt 0:00:00]} 0-1

[Event "8th Ali Ipek Tournament 2020"]
[Site "Ankara"]
[Date "2020.03.05"]
[Round "2.19"]
[White "Ilarslan, Can"]
[Black "Bilen, Tuna"]
[Result "1-0"]
[WhiteElo "1630"]
[BlackElo "1367"]
[Annotator "NA RC"]
[PlyCount "39"]
[EventDate "2020.03.04"]
[EventType "swiss"]
[EventCountry "TUR"]
[SourceTitle "playchess.com"]
[Source "ChessBase"]
[SourceQuality "1"]
[TimeControl "5400+30"]

1. e4 {[%emt 0:00:30]} e5 {[%emt 0:00:30]} 2. Nf3 {[%emt 0:00:30]} Nc6 {[%emt 0:00:00]} 3. Bb5 {[%emt 0:01:30]} a6 {[%emt 0:00:00]} 4. Ba4 {[%emt 0:00:30]} d6 {[%emt 0:00:00]} 5. c3 {[%emt 0:00:00]} Bd7 {[%emt 0:01:00]} 6. O-O {[%emt 0:00:00]} Nf6 {[%emt 0:00:00]} 7. Re1 {[%emt 0:00:30]} g6 {[%emt 0:00:00]} 8. d4 {[%emt 0:00:30]} exd4 {[%emt 0:00:30]} 9. Bxc6 {[%emt 0:06:30]} Bxc6 {[%emt 0:10:30]} 10. e5 {[%emt 0:02:30]} dxe5 {[%emt 0:02:30]} 11. Nxe5 {[%emt 0:00:30]} Be7 {[%emt 0:01:30]} 12. Nxc6 {[%emt 0:01:30]} bxc6 {[%emt 0:00:00]} 13. Bh6 {[%emt 0:20:30]} dxc3 {[%emt 0:17:00]} 14. Qe2 {[%emt 0:06:30]} Rg8 {[%emt 0:14:30]} 15. Nxc3 {[%emt 0:02:30]} Qd6 {[%emt 0:02:30]} 16. Rad1 {[%emt 0:01:30]} Qe6 {[%emt 0:00:00]} 17. Qf3 {[%emt 0:01:30]} Qc4 {[%emt 0:02:00]} 18. Qxf6 {[%emt 0:03:30]} Qc5 {[%emt 0:00:30]} 19. b4 {[%emt 0:00:30]} Qxb4 {[%emt 0:00:30]} 20. Qxc6# {[%emt 0:00:00]} 1-0

[Event "8th Ali Ipek Tournament 2020"]
[Site "Ankara"]
[Date "2020.03.05"]
[Round "2.20"]
[White "Uzun, Anil"]
[Black "Firat, Mehmet Bugra"]
[Result "0-1"]
[WhiteElo "1360"]
[BlackElo "1601"]
[Annotator "NA RC"]
[PlyCount "88"]
[EventDate "2020.03.04"]
[EventType "swiss"]
[EventCountry "TUR"]
[SourceTitle "playchess.com"]
[Source "ChessBase"]
[SourceQuality "1"]
[TimeControl "5400+30"]

1. Nf3 {[%emt 0:00:30]} Nf6 {[%emt 0:00:30]} 2. c4 {[%emt 0:00:00]} e6 {[%emt 0:01:30]} 3. b3 {[%emt 0:01:00]} b6 {[%emt 0:03:30]} 4. Bb2 {[%emt 0:00:30]} Bb7 {[%emt 0:00:30]} 5. e3 {[%emt 0:01:30]} Be7 {[%emt 0:00:30]} 6. Be2 {[%emt 0:00:30]} O-O {[%emt 0:02:30]} 7. O-O {[%emt 0:00:00]} c5 {[%emt 0:02:30]} 8. d4 {[%emt 0:02:00]} d6 {[%emt 0:02:30]} 9. Nc3 {[%emt 0:00:30]} Nbd7 {[%emt 0:01:30]} 10. Qc2 {[%emt 0:01:30]} Rc8 {[%emt 0:00:30]} 11. Rfd1 {[%emt 0:01:30]} Qc7 {[%emt 0:00:30]} 12. Rac1 {[%emt 0:07:30]} Qb8 {[%emt 0:02:30]} 13. Nd2 {[%emt 0:02:30]} cxd4 {[%emt 0:02:30]} 14. exd4 {[%emt 0:00:30]} d5 {[%emt 0:00:30]} 15. Bf3 {[%emt 0:04:30]} dxc4 {[%emt 0:00:30]} 16. Bxb7 {[%emt 0:00:30]} cxb3 {[%emt 0:00:30]} 17. Qxb3 {[%emt 0:03:30]} Qxb7 {[%emt 0:00:30]} 18. Nb5 {[%emt 0:00:00]} a6 {[%emt 0:04:30]} 19. Ba3 {[%emt 0:00:00]} Bxa3 {[%emt 0:00:30]} 20. Nxa3 {[%emt 0:00:30]} Nd5 {[%emt 0:02:30]} 21. f3 {[%emt 0:01:30]} N7f6 {[%emt 0:03:30]} 22. Nac4 {[%emt 0:01:30]} Rb8 {[%emt 0:02:30]} 23. g3 {[%emt 0:05:30]} b5 {[%emt 0:01:30]} 24. Ne5 {[%emt 0:02:30]} b4 {[%emt 0:06:30]} 25. Nb1 {[%emt 0:07:30]} Rfc8 {[%emt 0:01:30]} 26. Rc4 {[%emt 0:03:30]} Rxc4 {[%emt 0:01:30]} 27. Nxc4 {[%emt 0:00:30]} Qa7 {[%emt 0:03:30]} 28. Kg2 {[%emt 0:04:30]} Rc8 {[%emt 0:01:30]} 29. Rd3 {[%emt 0:04:30]} a5 {[%emt 0:03:30]} 30. Nbd2 {[%emt 0:01:30]} Qa6 {[%emt 0:01:30]} 31. Nb2 {[%emt 0:05:30]} h5 {[%emt 0:06:30]} 32. Na4 {[%emt 0:05:30]} Rc3 {[%emt 0:01:30]} 33. Nxc3 {[%emt 0:05:30]} Qxd3 {[%emt 0:00:30]} 34. Ncb1 {[%emt 0:00:30]} Qxd4 {[%emt 0:00:30]} 35. Qa4 {[%emt 0:01:30]} Nc3 {[%emt 0:01:30]} 36. Nb3 {[%emt 0:02:30]} Qd3 {[%emt 0:01:30]} 37. Nxc3 {[%emt 0:00:30]} bxc3 {[%emt 0:00:00]} 38. Qxa5 {[%emt 0:01:30]} Qe2+ {[%emt 0:01:00]} 39. Kh3 {[%emt 0:01:30]} Qf1+ {[%emt 0:00:30]} 40. Kh4 {[%emt 0:00:30]} Qxf3 {[%emt 0:00:00]} 41. Kh3 {[%emt 0:05:36]} Ne4 {[%emt 0:01:00]} 42. Qb4 {[%emt 0:01:53]} Nf2+ {[%emt 0:02:30]} 43. Kh4 {[%emt 0:00:49]} Qf6+ {[%emt 0:00:00]} 44. Kxh5 {[%emt 0:00:49]} Qh6# {[%emt 0:00:00]} 0-1

[Event "8th Ali Ipek Tournament 2020"]
[Site "Ankara"]
[Date "2020.03.07"]
[Round "3.1"]
[White "Firat, Mehmet Bugra"]
[Black "Yarashov, Azat"]
[Result "0-1"]
[WhiteElo "1601"]
[BlackElo "2218"]
[Annotator "TA"]
[PlyCount "70"]
[EventDate "2020.03.04"]
[EventType "swiss"]
[EventCountry "TUR"]

{[%evp 11,70,35,35,-2,21,19,35,0,45,-3,4,-15,-16,-11,-7,-20,-43,-54,-38,-132,-93,-159,-166,-169,-168,-221,-214,-434,-194,-277,-232,-357,-341,-333,-334,-419,-413,-400,-409,-394,-388,-447,-434,-504,-519,-513,-524,-542,-534,-869,-863,-796,-693,-1414,-1186,-1416,-1433,-1368,-973,-958,-930]} 1. e4 g6 2. d4 Bg7 3. Nf3 d6 4. Nc3 a6 5. Be3 b5 6. Bd3 Bb7 7. Ne2 {B06: Modern Defence.} Nd7 8. Ng3 Ngf6 9. h3 {White is slightly better.} e5 10. c3 O-O 11. O-O exd4 12. cxd4 Re8 {[%cal Rf6e4] [#]} 13. Nd2 $146 ({Predecessor:} 13. Qc2 c5 14. dxc5 dxc5 15. b3 Rc8 16. Rad1 Qc7 17. Qd2 c4 18. bxc4 bxc4 19. Bc2 {0-1 (33) Dragun,K (2614)-Petrosian,T (2592) chess.com INT 2017}) 13... c5 14. Re1 h5 15. Bf4 ({White should try} 15. d5 $15) 15... h4 16. Ngf1 (16. Ne2 $142) 16... Nh5 $36 {[%mdl 2048] Black has strong initiative.} 17. Bxd6 Bxd4 18. Nf3 (18. Bh2 $142) 18... Bxb2 $19 19. N1h2 $2 {[#]} (19. Rb1 {is a better defense.} Qf6 20. N1h2) 19... Qf6 (19... Bxa1 $142 20. Qxa1 Re6) 20. e5 (20. Rb1 $142) 20... Bxf3 ({But not} 20... Nxe5 21. Bxe5 Bxe5 22. Ng4 $19) 21. Nxf3 (21. exf6 $142 Bxd1 22. Raxd1) 21... Nxe5 22. Bxe5 Bxe5 ({Not} 22... Rxe5 23. Nxe5 Bxe5 24. Bxg6 $17) 23. Nxe5 Rxe5 24. Rxe5 Qxe5 25. Bf1 c4 26. a4 {intending axb5.} Rc8 {Black is clearly winning.} 27. axb5 axb5 28. Rb1 Nf6 29. Qf3 Kg7 30. Qb7 Rc5 31. Qa7 Rd5 32. Qb7 c3 {[#] aiming for ...c2.} 33. Rc1 Qd4 34. Bxb5 Qd2 {( -> ...Rxb5)} 35. Rf1 c2 {White got outplayed after the opening. Accuracy: White = 31%, Black = 77%.} 0-1

[Event "8th Ali Ipek Tournament 2020"]
[Site "Ankara"]
[Date "2020.03.07"]
[Round "3.2"]
[White "Zor, Alber Kadir"]
[Black "Ceylan, Arda"]
[Result "1-0"]
[WhiteElo "2119"]
[BlackElo "1637"]
[Annotator "TA"]
[PlyCount "101"]
[EventDate "2020.03.04"]
[EventType "swiss"]
[EventCountry "TUR"]

{[%evp 15,101,59,56,42,53,32,36,31,37,-1,7,4,44,47,57,43,61,43,42,0,0,0,0,-8,-10,-9,-9,-23,-22,-20,-19,-38,0,-26,0,0,16,-22,-18,-48,-42,-39,-50,-52,-27,-33,-33,-29,-39,-19,-40,-50,0,0,0,-31,0,0,0,0,0,0,0,0,0,-33,0,0,8,8,8,25,381,333,777,0,810,775,4802,2185,1891,897,5089,5089,3970,2269,29987,29988]} 1. Nf3 Nf6 2. c4 c6 3. g3 d5 4. Bg2 dxc4 5. O-O g6 6. Na3 {[%cal Bb1a3,Ba3c4,Bc4e5][%mdl 32]} Bg7 7. Nxc4 O-O 8. d4 Nbd7 {[%cal Bb8d7,Bd7b6,Bb6d5][%mdl 32]} 9. Re1 {D78: Fianchetto Grünfeld: 6 0-0 c6.} Ne4 10. Bf4 {[#]} Nb6 $146 ({Predecessor:} 10... Ndf6 11. Nfe5 Be6 12. Be3 b5 13. Nxc6 Qe8 14. N4e5 {½-½ (14) Gaudin,B (1843)-Rouze,F (1790) Elancourt 2007}) 11. Nce5 {White is slightly better.} Nd5 12. Qc1 f6 13. Nd3 g5 14. Bd2 Bf5 15. Nc5 Nxc5 16. Qxc5 {[#] Black must now prevent e4.} (16. dxc5 $5 {[%cal Re2e4]} Nc7 17. Rd1 $14) 16... Be4 17. Bh3 (17. Nxg5 $5 Bxg2 18. Ne6 $14 {[%mdl 64] Double Attack}) 17... Qd6 18. Qxd6 exd6 19. Be6+ Kh8 20. Bxd5 Bxd5 21. Bb4 Rfd8 22. e4 Bg8 23. h3 b6 24. Kg2 c5 25. Bc3 b5 26. b3 a5 {[%cal Ba7a5,Ba5a4][%mdl 32]} 27. Rac1 a4 28. dxc5 dxc5 29. e5 fxe5 30. Bxe5 c4 31. bxc4 Bxc4 {Threatens to win with ...Bxe5.} 32. Bxg7+ Kxg7 33. Re7+ Kf6 34. Rxh7 Rd3 {Hoping for ...Bd5.} 35. Nh2 Re8 {[%mdl 1024] Black has compensation.} 36. Ng4+ Kg6 37. Rh6+ Kg7 38. Ra6 Rd2 39. Ra7+ Kf8 40. h4 gxh4 41. gxh4 Ree2 42. h5 {And now h6 would win.} Be6 43. Kg3 {h6 is the strong threat.} Rd7 $2 {[%mdl 8192]} (43... Bxg4 $1 $11 {and Black is okay.} 44. Kxg4 Rc2) 44. Rc8+ Kf7 $2 (44... Ke7) 45. Rxd7+ $18 Bxd7 {[%mdl 4096] Endgame KRB-KRN} 46. Rc7 Ke6 47. h6 Kd6 {[#]} 48. h7 (48. Rxd7+ $142 $1 {[%mdl 512]} Kxd7 49. h7) 48... Bxg4 49. h8=Q {[%mdl 64] White threatens Qd8+ and mate. Zwischenzug} Kxc7 50. Kxg4 Rxa2 51. Qe5+ {[%mdl 64] Double Attack. Accuracy: White = 84%, Black = 58%.} 1-0